Kybernetická bezpečnosť v poisťovníctve – hrozba i príležitosť
Charakteristika kybernetického poistenia a jeho základné parametre. Jeho najnovší vývoj z pohľadu európskych krajín a medzinárodných organizácií.
Salvato in:
| Autore principale: | |
|---|---|
| Natura: | Capitolo di libro |
| Lingua: | slovacco |
| Soggetti: | |
| Tags: |
Nessun Tag, puoi essere il primo ad aggiungerne!!
|
MARC
| LEADER | 00000naa a2200000 4500 | ||
|---|---|---|---|
| 001 | 0219366 | ||
| 005 | 20221019162139.6 | ||
| 041 | 0 | |a slo | |
| 044 | |a SK | ||
| 245 | 1 | 0 | |a Kybernetická bezpečnosť v poisťovníctve – hrozba i príležitosť |c Matúš Medvec |
| 520 | |a Charakteristika kybernetického poistenia a jeho základné parametre. Jeho najnovší vývoj z pohľadu európskych krajín a medzinárodných organizácií. | ||
| 610 | 2 | 0 | |a bezpečnosť elektronická |
| 610 | 2 | 0 | |a bezpečnosť informačná |
| 610 | 2 | 0 | |a poisťovníctvo |
| 610 | 2 | 0 | |a legislatíva |
| 610 | 2 | 0 | |a organizácie medzinárodné |
| 610 | 2 | 0 | |a trh poistný |
| 100 | 1 | |a Medvec, Matúš | |